00628cam a2200193 a 450000100100000000500170001000800410002704000290006808200250009710000380012224500560016025000110021626000500022730000210027749000380029865000280033665000300036483000400039400000865920200929161359.0830712s1985 nq 000 j spa d aDO-SdBNPbspacLCdBNPHU aN863.44bC512m, 19851 aChávez Alfaro, Lizandro,d1929-14aLos monos de San Telmo /cLizandro Chávez Alfaro. a6a ed. aManagua, Nicaragua :bNueva Nicaragua,c1985. a177 p. ;c19 cm.1 aBiblioteca popular sandinistav13 4aCuentos nicaragüenses 4aLiteratura nicaragüense 0aBiblioteca popular sandinista ;v13